Sartre, el hombre y las cosas /
Introducción a Jean Paul Sartre. Heidegger, el filósofo más importante del siglo XX; Sartre, el más grande. El olvido de Sartre. La filosofía como un arma de compromiso. Escritor excepcional. Su formación rigurosa. El ser y la nada, su obra cumbre. El existencialismo y la moda existencialista; clima...
Guardado en:
| Autor Principal: | |
|---|---|
| Autor Corporativo: | |
| Formato: | |
| Publicado: |
Argentina,
2009
|
| Series: | Filosofía aquí y ahora - Temporada 2
|
| Materias: | |
| Acceso en línea: | https://www.educ.ar/recursos/50237/sartre-el-hombre-y-las-cosas |
| Etiquetas: |
Agregar Etiqueta
Sin Etiquetas, Sea el primero en etiquetar este registro!
|
| LEADER | 01618ngm a22003015g 4500 | ||
|---|---|---|---|
| 001 | CEM.cems023363 | ||
| 008 | 130507s2009##################0###0#####d | ||
| 005 | 20250328173257.0 | ||
| 245 | 1 | 0 | |a Sartre, el hombre y las cosas / |c José Pablo Feinmann. |
| 260 | |a Argentina, |c 2009 | ||
| 300 | |a 28'. | ||
| 490 | 0 | |a Filosofía aquí y ahora - Temporada 2 | |
| 520 | |a Introducción a Jean Paul Sartre. Heidegger, el filósofo más importante del siglo XX; Sartre, el más grande. El olvido de Sartre. La filosofía como un arma de compromiso. Escritor excepcional. Su formación rigurosa. El ser y la nada, su obra cumbre. El existencialismo y la moda existencialista; clima de época. Su pareja con Simone de Beauvoir. Su recepción en la Argentina: Masotta, la revista Contorno, Sebreli, Viñas. La filosofía de Sartre como la filosofía de la libertad del sujeto. La trascendencia del ego, de 1938: la intencionalidad de la conciencia y su compromiso puro con el afuera. El yo como momento derivado. | ||
| 538 | |a Soporte: DVD - Color: Si - Grabación DRD. | ||
| 590 | |a Identificación anterior registrada en SIABUC: D62B | ||
| 500 | |a Consultar en ventanilla. | ||
| 100 | 1 | |a Feinmann, José Pablo | |
| 710 | 2 | |a Canal Encuentro. | |
| 082 | 1 | 0 | |/ FEI-2 |
| 653 | |a FILOSOFIA | ||
| 653 | |a FILOSOFIA AQUI Y AHORA | ||
| 653 | |a SARTRE | ||
| 653 | |a EXISTENCIALISMO | ||
| 653 | |a EXISTENCIALISMO ATEO | ||
| 653 | |a SARTRE | ||
| 653 | |a SERIE DE TELEVISIÓN | ||
| 856 | |u https://www.educ.ar/recursos/50237/sartre-el-hombre-y-las-cosas | ||
| 859 | |a CEMS |b BIB. CEMS - Depto. Recursos Didacticos |h 100 |i FEI-2 |k DRD |p 2006.15 |t Ej.1 | ||
